[Event "Tourn. n8033"]
[Site "www.chess-mail.com"]
[Date "2015.04.05"]
[Round "1"]
[White "Blackpool"]
[Black "Julian"]
[WhiteElo "1910"]
[BlackElo "1950"]
[Result "1-0"]
[Round "1"]
1.e4 c5
2.Ng1f3 d6
3.Bf1b5 Bc8d7
4.Bb5xd7 Nb8xd7
5.O-O e6
6.d4 cxd4
7.Nf3xd4 Ng8f6
8.Nb1c3 a6
9.Rf1e1 Bf8e7
10.Bc1e3 Ra8c8
11.Qd1d2 O-O
12.h3 b5
13.a3 Nd7e5
14.Qd2e2 Ne5c4
15.Be3c1 Rf8e8
16.Qe2d3 Qd8b6
17.Nd4f3 e5
18.Bc1g5 Nc4xb2
19.Qd3d2 Nb2c4
20.Qd2d3 d5
21.Bg5xf6 gxf6
22.Nc3xd5 Qb6d8
23.a4 Be7c5
24.axb5 axb5
25.Ra1a6 Re8e6
26.Re1a1 Nc4b2
27.Qd3xb5 Kg7
28.Qb5xb2 Rc8b8
29.Qb2c3 Bc5d4
30.Nf3xd4 Re6xa6
31.Nd4f5 Kh8
32.Ra1xa6 Rb8b1
33.Kh2 Rb1b8
34.Qc3g3 Qd8g8
35.Nd5xf6 Qg8xg3
36.Kxg3 h5
37.Ra6a7 h4
38.Kxh4 { resign }
1-0

[Event "Tourn. n8069"]
[Site "www.chess-mail.com"]
[Date "2015.04.05"]
[Round "1"]
[White "Krystek23"]
[Black "Obisporey"]
[WhiteElo "2340"]
[BlackElo "2480"]
[Result "0-1"]
[Round "1"]
1.c4 c5
2.Nb1c3 Nb8c6
3.Ng1f3 e5
4.a3 Ng8f6
5.e3 Bf8e7
6.h3 d5
7.cxd5 Nf6xd5
8.Bf1b5 Nd5xc3
9.bxc3 O-O
10.d3 Qd8a5
11.Qd1b3 Bc8e6
12.Qb3b2 Be7f6
13.Nf3d2 Rf8d8
14.O-O Nc6b4
15.axb4 Qa5xb5
16.bxc5 Qb5xb2
17.Bc1xb2 Rd8xd3
18.Nd2e4 Bf6e7
19.Rf1d1 Rd3xd1
20.Ra1xd1 b6
21.cxb6 axb6
22.Rd1a1 Ra8xa1
23.Bb2xa1 f5
24.Ne4d2 e4
25.f3 exf3
26.Nd2xf3 Be6d5
27.Kf2 Be7f6
28.Ba1b2 Kf7
29.Nf3d4 g6
30.Bb2a3 Ke8
31.Ba3d6 Kd7
32.Bd6a3 h5
33.Ba3b4 h4
34.Bb4f8 Bd5c4
35.Kg1 Bc4d3
36.Bf8a3 g5
37.Ba3b4 g4
38.Bb4a3 Bf6g5
39.Ba3c1 Kd6
40.Kh2 Bg5f6
41.hxg4 fxg4
42.Bc1b2 Bf6e5
43.Kg1 Kd5
44.Bb2a3 b5
45.Ba3e7 Be5g3
46.Be7d8 h3
47.Bd8g5 Bg3f2
48.Kh2 Bd3f1
49.g3 Bf2e1
50.Nd4f5 Be1xc3
51.Nf5e7 Ke4
52.Ne7c6 b4
53.Nc6d4 Bf1c4
54.Bg5f6 Kxe3
55.Nd4f5 Kf3
56.Bf6g5 b3
57.Nf5h4 Kf2
58.Bg5f4 b2
{ resign }
0-1

[Event "Tourn. n8074"]
[Site "www.chess-mail.com"]
[Date "2015.04.05"]
[Round "1"]
[White "Jose"]
[Black "Emmanuelasi"]
[WhiteElo "2700"]
[BlackElo "2250"]
[Result "1-0"]
[Round "1"]
1.e4 Nb8c6
2.d4 e5
3.d5 Nc6e7
4.Ng1f3 Ne7g6
5.h4 h5
6.Bc1g5 Ng8f6
7.Nb1c3 Bf8b4
8.Nf3d2 Bb4xc3
9.bxc3 d6
10.Bf1e2 Bc8g4
11.Be2xg4 hxg4
12.Bg5xf6 Qd8xf6
13.g3 Ng6f8
14.Qd1xg4 Nf8d7
15.Ra1b1 b6
16.Nd2c4 g6
17.Kf1 Ke7
18.Kg2 Rh8h5
19.Rb1f1 Ra8h8
20.f4 Rh8h7
21.fxe5 Nd7xe5
22.Qg4c8 Qf6h8
23.Qc8xc7 Ne5d7
24.Qc7xd6 Kd8
25.Qd6c6 Qh8xc3
26.Qc6a8 { resign }
1-0

[Event "Tourn. n8062"]
[Site "www.chess-mail.com"]
[Date "2015.04.05"]
[Round "1"]
[White "Cardiff"]
[Black "Julian"]
[WhiteElo "1940"]
[BlackElo "2000"]
[Result "1-0"]
[Round "1"]
1.d4 Ng8f6
2.c4 d6
3.Nb1c3 g6
4.e4 Bf8g7
5.h3 O-O
6.Bc1e3 c6
7.Ng1f3 Qd8c7
8.Bf1e2 e5
9.d5 Rf8d8
10.O-O Nb8d7
11.Ra1c1 Nd7f8
12.b4 h6
13.Qd1d2 g5
14.Rf1d1 Nf8g6
15.a4 Qc7e7
16.dxc6 bxc6
17.b5 cxb5
18.axb5 Bc8e6
19.Rc1a1 Nf6e8
20.Ra1a5 Qe7c7
21.Rd1a1 Ng6f4
22.Ra5xa7 Ra8xa7
23.Ra1xa7 Qc7b8
24.b6 Nf4xe2
25.Qd2xe2 Rd8c8
26.Nc3d5 Ne8f6
27.Nd5e7 Kh7
28.Ne7xc8 Be6xc8
29.Ra7xf7 Bc8e6
30.Rf7c7 Nf6xe4
31.Qe2c2 Be6f5
32.Qc2a2 Ne4c5
33.Be3xc5 dxc5
34.Qa2a7 Qb8xa7
35.bxa7 Bf5e4
36.Nf3xe5 Be4a8
37.Rc7c8 Ba8b7
38.Rc8xc5 Bg7xe5
39.Rc5xe5 { resign }
1-0

[Event "Tourn. n7997"]
[Site "www.chess-mail.com"]
[Date "2015.04.05"]
[Round "1"]
[White "Falcoale"]
[Black "Samael"]
[WhiteElo "1880"]
[BlackElo "2090"]
[Result "0-1"]
[Round "1"]
1.e4 e5
2.Ng1f3 d6
3.Bf1c4 h6
4.d4 exd4
5.Nf3xd4 Bf8e7
6.O-O Ng8f6
7.Rf1e1 O-O
8.Nb1c3 Bc8d7
9.f4 Nb8c6
10.a3 Nc6xd4
11.Qd1xd4 b6
12.Kh1 Bd7e6
13.Bc4d3 Nf6h7
14.f5 Be6d7
15.Nc3d5 Nh7f6
16.Nd5xe7 Qd8xe7
17.Re1e3 Kh7
18.e5 dxe5
19.Re3xe5 Qe7d8
20.Qd4b4 Rf8e8
21.Re5xe8 Qd8xe8
22.Bc1d2 Qe8f8
23.Qb4h4 Ra8e8
24.Qh4f2 Nf6e4
25.Bd3xe4 Re8xe4
26.Bd2c3 f6
27.Qf2f3 Qf8e8
28.Ra1f1 a5
29.Qf3g3 Re4e2
30.Qg3xc7 Re2xc2
31.Qc7xb6 Bd7c6
32.Qb6xa5 Bc6xg2
{ resign }
0-1

[Event "Tourn. n8168"]
[Site "www.chess-mail.com"]
[Date "2015.04.05"]
[Round "1"]
[White "Amaya"]
[Black "Xkafi"]
[WhiteElo "2020"]
[BlackElo "1950"]
[Result "1-0"]
[Round "1"]
1.d4 d6
2.e3 Ng8f6
3.Bf1d3 Nb8c6
4.c3 e5
5.Nb1d2 exd4
6.exd4 Bc8g4
7.f3 Bg4h5
8.Ng1e2 Qd8e7
9.O-O O-O-O
10.Ne2f4 Qe7e3
11.Kh1 Qe3xf4
12.Nd2e4 Qf4h4
13.Bc1g5 Bh5xf3
14.Qd1xf3 Qh4g4
15.Qf3xg4 Nf6xg4
16.Bg5xd8 Nc6xd8
17.Ne4g5 f6
18.Ng5xh7 Kb8
19.h3 Ng4e3
20.Rf1f3 Ne3d5
21.Ra1e1 Nd5e7
22.Nh7xf8 Rh8xf8
23.Re1xe7 { resign }
1-0

[Event "Tourn. n8101"]
[Site "www.chess-mail.com"]
[Date "2015.04.05"]
[Round "1"]
[White "Swampcat"]
[Black "Shoemaker136"]
[WhiteElo "1230"]
[BlackElo "999"]
[Result "1-0"]
[Round "1"]
1.e4 e5
2.Ng1f3 Ng8f6
3.Nf3xe5 d6
4.Ne5f3 Nf6xe4
5.d3 Ne4xf2
6.Kxf2 Bc8g4
7.Bf1e2 d5
8.Rh1e1  { time }
1-0

[Event "Tourn. n8040"]
[Site "www.chess-mail.com"]
[Date "2015.04.05"]
[Round "1"]
[White "Sontuozio"]
[Black "Difficult"]
[WhiteElo "2160"]
[BlackElo "2020"]
[Result "0-1"]
[Round "1"]
1.d4 d5
2.Ng1f3 Ng8f6
3.e3 Bc8f5
4.Nf3h4 Bf5g6
5.Bf1d3 e6
6.Nh4f3 Bf8d6
7.Nb1d2 Nb8d7
8.c3 c5
9.O-O Bg6xd3
10.Rf1e1 c4
11.Nd2f1 O-O
12.b4 Bd3xf1
13.Kxf1 Nf6e4
14.Qd1c2 b5
15.Nf3d2 f5
16.f3 Ne4xd2
17.Bc1xd2 Bd6xh2
18.Ke2 Nd7f6
19.Re1h1 Bh2d6
20.Rh1h3 a5
21.a3 axb4
22.cxb4 Ra8a4
23.Bd2c3 Qd8a8
24.Bc3b2 Bd6xb4
25.axb4 Ra4xa1
26.Bb2xa1 Qa8xa1
27.g3 Rf8a8
{ resign }
0-1

[Event "Tourn. n8071"]
[Site "www.chess-mail.com"]
[Date "2015.04.05"]
[Round "1"]
[White "Vasylpuzanov"]
[Black "Nham"]
[WhiteElo "2080"]
[BlackElo "2100"]
[Result "1-0"]
[Round "1"]
1.e4 e5
2.Ng1f3 f5
3.Nf3xe5 Nb8c6
4.Qd1h5 g6
5.Ne5xg6 Ng8f6
6.Qh5h3 hxg6
7.Qh3xh8 Qd8e7
8.d3 fxe4
9.dxe4 Nf6xe4
10.Bf1e2 d5
11.Bc1h6 Bc8d7
12.Bh6xf8 Qe7xf8
13.Qh8xf8 Kxf8
14.O-O Kg7
15.Be2f3 Nc6d4
16.Bf3xe4 dxe4
17.Nb1a3 Bd7c6
18.Rf1e1 b5
19.c3 Nd4f5
20.c4 b4
21.Na3b5 Ra8d8
22.Ra1d1 { resign }
1-0

[Event "Tourn. n8132"]
[Site "www.chess-mail.com"]
[Date "2015.04.05"]
[Round "1"]
[White "Blackpool"]
[Black "Maxlou"]
[WhiteElo "1970"]
[BlackElo "1840"]
[Result "1-0"]
[Round "1"]
1.d4 f5
2.Ng1f3 Ng8f6
3.b3 g6
4.Bc1b2 Bf8g7
5.c4 c5
6.dxc5 Qd8a5
7.Nb1d2 Qa5xc5
8.e3 Nb8c6
9.Bf1e2 b6
10.O-O Bc8b7
11.a3 { resign }
1-0

[Event "Tourn. n8051"]
[Site "www.chess-mail.com"]
[Date "2015.04.05"]
[Round "1"]
[White "Luban"]
[Black "Sontuozio"]
[WhiteElo "2040"]
[BlackElo "2180"]
[Result "1/2-1/2"]
[Round "1"]
1.d4 d5
2.Ng1f3 Ng8f6
3.e3 e6
4.a3 Bf8d6
5.c4 c6
6.Nb1c3 Nb8d7
7.h3 O-O
8.Bf1d3 a6
9.O-O b5
10.c5 Bd6c7
11.b4 e5
12.dxe5 Nd7xe5
13.Nf3xe5 Bc7xe5
14.Bc1b2 Bc8e6
15.Qd1c2 Be5c7
16.Ra1d1 a5
17.Nc3e2 axb4
18.axb4 h6
19.Rd1a1 Qd8e7
20.Ne2d4 Be6d7
21.Nd4f5 Bd7xf5
22.Bd3xf5 Bc7e5
23.Bf5d3 Be5xb2
24.Qc2xb2 Nf6d7
25.Ra1xa8 Rf8xa8
26.Rf1a1 Qe7e8
27.Ra1a3 Ra8xa3
28.Qb2xa3 Nd7e5
29.f3 Ne5c4
30.Bd3xc4 dxc4
31.Qa3c3 Qe8e6
32.Kf2 Kf8
33.e4 Qe6d7
34.Ke2 f6
35.f4 Qd7e6
36.Ke3 f5
37.e5 g5
38.Qc3d4 Ke7
39.Qd4d6 Qe6xd6
40.exd6 Ke6
{ draw }
1/2-1/2

[Event "Tourn. n8086"]
[Site "www.chess-mail.com"]
[Date "2015.04.05"]
[Round "1"]
[White "Jasonbarlow7"]
[Black "Passaroa25"]
[WhiteElo "1499"]
[BlackElo "1520"]
[Result "1-0"]
[Round "1"]
1.e3 d5
2.Ng1f3 Bc8e6
3.g3 Nb8d7
4.Bf1g2 f6
5.O-O Be6f7
6.d4 Nd7b6
7.b3 e6
8.Qd1d3 Ng8e7
9.e4 Nb6d7
10.e5 Ne7g6
11.Rf1e1 Bf8b4
12.c3 Bb4e7
13.Qd3b5 Qd8b8
14.exf6 gxf6
15.Bc1h6 Be7f8
16.Bh6xf8 Ng6xf8
17.Nb1d2 Nf8g6
18.c4 c6
19.Qb5b4 Ng6e7
20.Qb4c3 Qb8c7
21.c5 O-O
22.Nf3h4 Ne7g6
23.Nh4xg6 hxg6
24.Qc3e3 g5
25.Bg2h3 Rf8e8
26.Qe3f3 Kf8
27.b4 Ke7
28.Bh3xe6 Bf7xe6
29.Qf3f5 Kf7
30.Qf5h7 Kf8
31.Re1xe6 Re8xe6
32.Qh7h8 Kf7
33.Qh8xa8 Qc7b8
34.Qa8xb8 Nd7xb8
35.a4 Re6e2
36.Nd2f3 Nb8a6
37.b5 Na6b4
38.h4 Nb4c2
39.Ra1a2 Re2e1
40.Nf3xe1 Nc2xe1
41.bxc6 bxc6
42.hxg5 Ne1f3
43.Kg2 Nf3xg5
44.Ra2b2 Kg6
45.a5 Ng5f7
46.Rb2b7 a6
47.Rb7a7 Nf7g5
48.Ra7xa6 Ng5e4
49.Ra6xc6 Ne4c3
50.a6 Nc3b5
51.Rc6b6 Nb5a7
52.c6 Kg5
53.c7 f5
54.Rb6b8 f4
55.Rb8g8 Kf5
56.c8Q Na7xc8
57.Rg8xc8 fxg3
58.Kxg3 Ke4
59.a7 Kxd4
60.a8Q Ke4
61.Rc8c4 Ke5
62.Rc4c5 { resign }
1-0

[Event "Match"]
[Site "www.echecsemail.com"]
[Date "2015.04.05"]
[Round "1"]
[White "Cheet621"]
[Black "Uscgsteve"]
[WhiteElo "1499"]
[BlackElo "1499"]
[Result "0-1"]
[Round "1"]
1.d4 Nb8c6
2.c3 e5
3.Ng1f3 exd4
4.Nf3xd4 Nc6xd4
5.cxd4 c6
6.Nb1d2 Qd8a5
7.Ra1b1 Bf8b4
8.a3 Bb4e7
9.b4 Qa5f5
10.f3 d5
11.e4 dxe4
12.fxe4 Qf5g5
13.Bf1c4 Qg5xg2
14.Rh1f1 Bc8g4
15.Rf1f3 Be7h4
16.Rf3f2 Bh4xf2

0-1

[Event "Match"]
[Site "www.echecsemail.com"]
[Date "2015.04.05"]
[Round "1"]
[White "Ranjachess"]
[Black "Rindrandria"]
[WhiteElo "1670"]
[BlackElo "1600"]
[Result "1-0"]
[Round "1"]
1.e4 d6
2.d4 b6
3.d5 Bc8b7
4.Nb1c3 c6
5.Ng1f3 Qd8c7
6.Nf3g5 Ng8h6
7.Bc1f4 Nb8d7
8.dxc6 Bb7xc6
9.Nc3d5 Bc6xd5
10.Qd1xd5 O-O-O
11.Qd5c4 Nd7c5
12.b4 e5
13.bxc5 dxc5
14.Bf4g3 Bf8e7
15.Ng5xf7 Nh6xf7
16.Qc4xf7 Qc7d7
17.Qf7f5 Kb8
18.Qf5xd7 Rd8xd7
19.Bg3xe5 Kb7
20.Be5xg7 Rh8g8
21.Bg7c3 Rg8g4
22.e5 Rg4e4
23.Bf1e2 b5
24.Ra1d1 Rd7c7
25.Bc3a5 Re4xe5
26.Ba5xc7 Kxc7
27.f4 Re5e4
28.g3 a5
29.Rd1d2 b4
30.O-O Re4e3
31.Rf1f3 Re3xf3
32.Be2xf3 c4
33.f5 Be7g5
34.Rd2e2 c3
35.h4 Bg5d2
36.f6 b3
37.axb3 Bd2c1
38.f7 Bc1a3
39.h5 Ba3f8
40.Re2e8 Bf8g7
41.f8Q Bg7xf8
42.Re8xf8 Kd6
43.h6 Ke5
44.Rf8f7 Kd4
45.Rf7xh7 Ke3
46.Bf3h5 Kd2
47.Bh5g6 Kc1
48.Rh7a7 Kb2
49.h7 Kb1
50.h8Q Kb2
51.Ra7xa5 Kb1
52.Qh8xc3 Kc1
53.Ra5a1 { resign }
1-0

[Event "Match"]
[Site "www.echecsemail.com"]
[Date "2015.04.05"]
[Round "1"]
[White "Nimzo2"]
[Black "Blackpool"]
[WhiteElo "2040"]
[BlackElo "1980"]
[Result "1-0"]
[Round "1"]
1.c4 f5
2.Nb1c3 Ng8f6
3.Ng1f3 e6
4.g3 d5
5.d4 c6
6.Bf1g2 Bf8d6
7.O-O O-O
8.b3 Qd8e7
9.Bc1b2 Nf6e4
10.a3 Nb8d7
11.Qd1c2 Nd7f6
12.Nc3xe4 fxe4
13.Nf3e5 Bd6xe5
14.dxe5 Nf6g4
15.h3 Ng4h6
16.b4 Bc8d7
17.a4 Bd7e8
18.cxd5 exd5
19.b5 cxb5
20.axb5 Be8xb5
21.Bb2a3 Qe7xe5
22.Ba3xf8 Kxf8
23.Qc2c5 { resign }
1-0

[Event "Match"]
[Site "www.echecsemail.com"]
[Date "2015.04.05"]
[Round "1"]
[White "F14"]
[Black "Nestor"]
[WhiteElo "1880"]
[BlackElo "2130"]
[Result "0-1"]
[Round "1"]
1.d4 d5
2.c4 Ng8f6
3.Nb1c3 g6
4.Qd1c2 Bf8g7
5.Ng1f3 O-O
6.cxd5 Nf6xd5
7.Nc3xd5 Qd8xd5
8.e3 Bc8f5
9.Bf1d3 Bf5xd3
10.Qc2xd3 c5
11.Qd3b5 Nb8d7
12.O-O b6
13.dxc5 Nd7xc5
14.Ra1b1 Qd5e4
15.Bc1d2 Rf8d8
16.Bd2c3 Rd8d5
17.Nf3d2 Qe4g4
18.Bc3xg7 Kxg7
19.Nd2f3 Ra8d8
20.Qb5c6 Nc5e4
21.Qc6c7 Rd8d6
22.Qc7xe7 Rd6e6
23.Qe7xa7 Re6f6
24.Nf3d4 Rd5g5
25.g3 Qg4h3
26.f4 Rg5h5
27.Nd4f3 Ne4d2
{ resign }
0-1

[Event "Match"]
[Site "www.echecsemail.com"]
[Date "2015.04.05"]
[Round "1"]
[White "Generalfree"]
[Black "Reanna"]
[WhiteElo "1790"]
[BlackElo "1610"]
[Result "1-0"]
[Round "1"]
1.e4 d6
2.Ng1f3 e5
3.Bf1c4 Ng8h6
4.d3 Bc8g4
5.h3 Bg4h5
6.g4 Nh6xg4
7.hxg4 Bh5xg4
8.Rh1g1 Bg4h5
9.Nb1c3 Nb8c6
10.Bc1e3 Qd8f6
11.Rg1g3 O-O-O
12.Be3g5 Qf6g6
13.Bg5xd8 Qg6e6
14.Bc4xe6 fxe6
15.Bd8h4 g6
16.Qd1d2 Nc6d4
17.Nf3xd4 exd4
18.Nc3b5 e5
19.Qd2a5 Kd7
20.Qa5xc7 Ke6
21.Qc7xb7 a5
22.Qb7c8 Kf7
23.Qc8d7 Kg8
24.Bh4f6 { resign }
1-0

[Event "Match"]
[Site "www.echecsemail.com"]
[Date "2015.04.05"]
[Round "1"]
[White "F14"]
[Black "Kcriss"]
[WhiteElo "1870"]
[BlackElo "1389"]
[Result "0-1"]
[Round "1"]
1.d4 d5
2.c4 e6
3.Nb1c3 Ng8f6
4.Ng1f3 Bf8b4
5.Qd1c2 Nb8c6
6.Bc1d2 O-O
7.cxd5 exd5
8.a3 Bb4xc3
9.bxc3 Nf6e4
10.e3 Rf8e8
11.Bf1b5 Bc8g4
12.Nf3e5 Nc6xe5
13.Bb5xe8 Qd8h4
14.Be8xf7 Kxf7
15.O-O Ne5f3
16.gxf3 Bg4xf3
17.Qc2b3 Qh4g4
{ resign }
0-1

[Event "Match"]
[Site "www.echecsemail.com"]
[Date "2015.04.05"]
[Round "1"]
[White "Chapi"]
[Black "F14"]
[WhiteElo "2020"]
[BlackElo "1880"]
[Result "0-1"]
[Round "1"]
1.d4 Ng8f6
2.c4 g6
3.Nb1c3 d5
4.Ng1f3 Bf8g7
5.cxd5 Nf6xd5
6.e4 Nd5xc3
7.bxc3 c5
8.Bf1c4 Nb8c6
9.Bc1e3 O-O
10.O-O cxd4
11.cxd4 Bc8g4
12.Ra1b1 Bg4xf3
13.Qd1xf3 Nc6xd4
14.Be3xd4 Qd8xd4
15.Bc4d5 Ra8b8
16.Rb1xb7 Rb8xb7
17.Bd5xb7 Rf8b8
18.Bb7d5 e6
19.Bd5b3 Rb8b4
20.a3 Rb4b6
21.Rf1d1 Qd4b2
22.Bb3c4 Rb6c6
23.Qf3b3 Qb2xb3
24.Bc4xb3 h5
25.f4 Rc6b6
26.Bb3c4 Bg7b2
27.f5 exf5
28.exf5 Bb2xa3
29.fxg6 Rb6xg6
30.Rd1d7 Rg6f6
31.Rd7xa7 Ba3c5
{ resign }
0-1

[Event "Match"]
[Site "www.echecsemail.com"]
[Date "2015.04.05"]
[Round "1"]
[White "Johnmcbride"]
[Black "Jjmcbride"]
[WhiteElo "1750"]
[BlackElo "1800"]
[Result "0-1"]
[Round "1"]
1.e4 c5
2.d3 e5
3.c4 Bf8d6
4.Nb1c3 h6
5.Nc3b5 Bd6c7
6.Bc1d2 d6
7.Qd1a4 Bc8d7
8.Nb5xc7 Qd8xc7
9.Bd2a5 b6
10.Ba5xb6 Bd7xa4
11.Bb6xc7 Ke7
12.b3 Ba4d7
13.Bc7xb8 Ra8xb8
14.h3 Ng8f6
15.Bf1e2 Rh8e8
16.Ng1f3 Kf8
17.O-O Nf6h7
18.Be2d1 f5
19.exf5 Bd7xf5
20.Bd1c2 e4
21.Nf3h4 g6
22.Nh4xf5 gxf5
23.dxe4 fxe4
24.Rf1e1 Nh7f6
25.Ra1d1 Rb8d8
26.Re1e3 d5
27.cxd5 Nf6xd5
28.Re3xe4 Nd5c3
29.Rd1xd8 Re8xd8
30.Re4h4 Nc3xa2
31.Rh4xh6 Rd8d2
32.Bc2f5 Na2b4
33.Rh6h7 a5
34.Rh7a7 Rd2a2
35.Ra7c7 c4
36.bxc4 a4
37.Rc7b7 Ra2b2
38.g4 a3
39.Rb7d7 a2
40.Rd7d1 Nb4c2
41.Bf5xc2 Rb2xc2
42.Kg2 Rc2xc4
43.Rd1a1 Rc4a4
44.Kg3 Kf7
45.f4 Ke6
46.f5 Kf6
47.Kh4 Ra4a3
48.g5 Kxf5
49.Ra1xa2 Ra3xa2
50.Kh5 Ra2g2
51.h4 Rg2h2
52.g6 Rh2g2
53.Kh6 Rg2xg6
{ resign }
0-1

[Event "Match"]
[Site "www.echecsemail.com"]
[Date "2015.04.05"]
[Round "1"]
[White "Kesalon"]
[Black "Alanocturna"]
[WhiteElo "1830"]
[BlackElo "1620"]
[Result "0-1"]
[Round "1"]
1.e4 g6
2.d4 Bf8g7
3.Ng1f3 e6
4.Nb1c3 Ng8e7
5.Bc1e3 O-O
6.Qd1d2 d5
7.O-O-O b6
8.h3 Nb8d7
9.g4 Bc8b7
10.Bf1d3 a5
11.Be3g5 c5
12.dxc5 bxc5
13.exd5 exd5
14.Bd3b5 d4
15.Nc3a4 Bb7xf3
16.Rd1e1 f6
{ resign }
0-1

[Event "Match"]
[Site "www.echecsemail.com"]
[Date "2015.04.05"]
[Round "1"]
[White "Carloswhizz"]
[Black "F14"]
[WhiteElo "1770"]
[BlackElo "1870"]
[Result "1-0"]
[Round "1"]
1.e4 e5
2.f4 exf4
3.Ng1f3 d6
4.Bf1c4 Bf8e7
5.O-O Ng8f6
6.Nb1c3 O-O
7.d3 Bc8g4
8.Bc1xf4 Nb8d7
9.h3 Bg4e6
10.Bc4xe6 fxe6
11.a3 Nf6xe4
12.Nc3xe4 Rf8xf4
13.b4 Nd7f6
14.Ne4xf6 Rf4xf6
15.c4 c6
16.d4 Qd8f8
17.Qd1d3 Ra8d8
18.Nf3g5 Rf6xf1
19.Ra1xf1 Be7xg5
20.Rf1xf8 Rd8xf8
21.Qd3g3 Bg5f4
22.Qg3g4 e5
23.Qg4e6 Kh8
24.Qe6xd6 Bf4e3
25.Kh2 Kg8
26.Qd6e6 Kh8
27.h4 exd4
28.Qe6e7 Kg8
29.Qe7e4 h6
30.b5 cxb5
31.cxb5 Rf8f4
32.Qe4e6 Kh7
33.g3 Rf4f2
34.Kh3 Rf2f6
35.Qe6e4 Kg8
36.Qe4xb7 d3
37.Qb7d5 Kh8
38.Qd5xd3 Be3b6
39.a4 Bb6a5
40.Qd3d7 Ba5b6
41.a5 Bb6xa5
42.Qd7xa7 Ba5b6
43.Qa7a8 Kh7
44.Qa8e4 Kg8
45.g4 Bb6f2
46.Qe4e8 Rf6f8
47.Qe8e6 Kh8
48.b6 Rf8f6
49.Qe6c8 Kh7
50.b7 Rf6f3
51.Kg2 { resign }
1-0

[Event "Match"]
[Site "www.echecsemail.com"]
[Date "2015.04.05"]
[Round "1"]
[White "F14"]
[Black "Hundegana"]
[WhiteElo "1850"]
[BlackElo "1960"]
[Result "0-1"]
[Round "1"]
1.d4 g6
2.Ng1f3 Bf8g7
3.e4 d6
4.Bf1e2 a6
5.c4 c6
6.O-O Ng8f6
7.Nb1c3 O-O
8.Bc1e3 Bc8g4
9.h3 Bg4xf3
10.Be2xf3 Nb8d7
11.Qd1c2 Ra8c8
12.b4 e6
13.Ra1d1 d5
14.exd5 cxd5
15.c5 Rf8e8
16.a4 Qd8c7
17.Qc2d2 b6
18.Rd1c1 bxc5
19.bxc5 Qc7c6
20.Rc1b1 Rc8b8
21.Rb1xb8 Re8xb8
22.Be3f4 Rb8b7
23.Rf1b1 Rb7xb1
24.Nc3xb1 Qc6xa4
25.Kh2 Qa4b5
26.Nb1c3 Qb5c6
27.Bf4e3 Nf6e4
28.Qd2b2 Ne4xc3
29.Qb2xc3 h6
30.Qc3a3 f5
31.Bf3e2 Nd7b8
32.f4 Bg7f6
33.Qa3a5 Kf7
34.Qa5b6 Qc6xb6
35.cxb6 Ke7
36.g4 Kd7
37.Be3d2 Bf6xd4
38.Bd2a5 Kc6
39.g5 hxg5
40.fxg5 Bd4xb6
41.Ba5xb6 Kxb6
{ resign }
0-1

[Event "Match"]
[Site "www.echecsemail.com"]
[Date "2015.04.05"]
[Round "1"]
[White "Udo"]
[Black "Gavroche"]
[WhiteElo "1520"]
[BlackElo "1820"]
[Result "0-1"]
[Round "1"]
1.d4 Ng8f6
2.f3 d5
3.e3 Bc8f5
4.h3 Nb8c6
5.Bc1d2 e5
6.g4 Bf5g6
7.Bd2c3 Bf8d6
8.a3 O-O
9.Bf1b5 exd4
10.exd4 a6
11.Bb5xc6 bxc6
12.Bc3a5 Qd8e7
13.Ng1e2 c5
14.Nb1c3 Qe7e3
15.Rh1f1 Bd6g3
16.Rf1f2 Bg3xf2
17.Kf1 Qe3xf3
18.Ne2g1 Qf3xd1
19.Ra1xd1 Bf2xd4
20.Rd1c1 c6
21.Ng1e2 Rf8e8
22.Ke1 Bd4e3
23.Rc1d1 Bg6xc2
24.Rd1a1 Ra8b8
25.b4 cxb4
26.axb4 d4
27.Nc3a2 d3
28.Ne2c3 Nf6d5
29.Kf1 Nd5xc3
30.Na2xc3 Be3d2
31.Ba5c7 Rb8xb4
32.Bc7a5 Rb4f4
33.Kg2 Bd2e1
34.Nc3a4 d2
35.Ba5c7 Rf4f2
36.Kg3 d1Q
37.Ra1xd1 Bc2xd1
38.Bc7b6 Rf2a2
39.Bb6f2 Be1xf2
40.Kf4 Ra2xa4
41.Kg5 Re8e5
{ resign }
0-1

[Event "Match"]
[Site "www.echecsemail.com"]
[Date "2015.04.05"]
[Round "1"]
[White "Paco6"]
[Black "Germancho95"]
[WhiteElo "1660"]
[BlackElo "1650"]
[Result "0-1"]
[Round "1"]
1.e4 c5
2.Ng1f3 d6
3.Bf1c4 e6
4.O-O Bc8d7
5.d3 Ng8e7
6.Bc1f4 Bd7c6
7.Nb1c3 d5
8.exd5 exd5
9.Bc4b5 d4
10.Nc3a4 Bc6xb5
11.Na4xc5 Nb8d7
12.Nc5xb7 Qd8b6
13.Nb7d6 Kd8
14.Nd6xf7 Kc8
15.Nf7xh8 Ne7f5
 { time }
0-1

[Event "1/32 Finale"]
[Site "www.chess-mail.com"]
[Date "2015.04.05"]
[Round "1"]
[White "Derfel83"]
[Black "Szustan"]
[WhiteElo "1870"]
[BlackElo "2600"]
[Result "0-1"]
[Round "1"]
1.e4 e5
2.Ng1f3 Nb8c6
3.Bf1c4 Ng8f6
4.d3 Bf8c5
5.c3 d6
6.b4 Bc5b6
7.h3 a6
8.Nf3g5 O-O
9.Bc4d5 Nf6xd5
10.exd5 Nc6xb4
11.O-O Nb4xd5
12.Qd1f3 c6
13.Ng5e4 f5
14.Bc1g5 fxe4
15.Bg5xd8 exf3
16.Bd8xb6 fxg2
17.Kxg2 Nd5xb6
{ resign }
0-1

[Event "Eq:chibcha-Equipo Juan Diaz : "]
[Site "www.chess-mail.com"]
[Date "2015.04.05"]
[Round "1"]
[White "Manuel09"]
[Black "Etekrik"]
[WhiteElo "2070"]
[BlackElo "2170"]
[Result "0-1"]
[Round "1"]
1.d4 d5
2.Ng1f3 Ng8f6
3.Bc1f4 e6
4.h3 Bf8e7
5.e3 O-O
6.Bf1e2 c5
7.c3 Nb8c6
8.O-O b6
9.Nb1d2 Bc8b7
10.Nf3e5 Nc6xe5
11.Bf4xe5 Nf6e8
12.Rf1e1 Be7d6
13.Be5xd6 Ne8xd6
14.Nd2f3 f6
15.Qd1c2 Qd8e7
16.Be2d3 g6
17.b3 e5
18.dxc5 bxc5
19.Nf3h2 f5
20.f3 Qe7c7
21.c4 e4
22.Bd3e2 d4
23.exd4 cxd4
24.fxe4 fxe4
25.Qc2d2 Nd6f5
26.g4 Qc7g3
{ resign }
0-1

[Event "Fast Game"]
[Site "www.echecsemail.com"]
[Date "2015.04.05"]
[Round "1"]
[White "Neverless"]
[Black "Korto"]
[WhiteElo "2250"]
[BlackElo "2060"]
[Result "1-0"]
[Round "1"]
1.e4 c5
2.Ng1f3 d6
3.d4 cxd4
4.Nf3xd4 Ng8f6
5.Nb1c3 a6
6.Bc1g5 e6
7.f4 Nb8c6
8.Nd4xc6 bxc6
9.e5 dxe5
10.Qd1xd8 Kxd8
11.fxe5 h6
12.O-O-O Bc8d7
13.Bg5h4 g5
14.Bh4g3 Nf6d5
15.Nc3e4 Kc7
16.c4 Nd5f4
17.Ne4f6 Bd7c8
18.h4 Bf8g7
19.Bg3e1 Bg7xf6
20.Be1a5 Kb7
21.exf6 e5
22.g3 Nf4h5
23.Rd1d3 Ka7
24.Ba5c3 Bc8f5
25.Rd3e3 Ra8e8
26.hxg5 hxg5
27.Bc3xe5 Bf5g4
28.Rh1h2 Kb7
29.c5 a5
30.Bf1c4 Bg4e6
31.Bc4xe6 Re8xe6
32.g4 Rh8e8
33.gxh5 Re6xe5
34.Re3xe5 Re8xe5
35.h6 Re5e8
36.h7 Re8h8
37.Kd2 Kc7
38.Ke3 Kd7
39.Ke4 Ke6
40.Rh2h6 g4
41.Kf4 Kd5
42.Kxg4 Kxc5
43.Kg5 Kd6
44.Rh6h1 Ke6
45.Rh1e1 { resign }
1-0

[Event "Fast Game"]
[Site "www.echecsemail.com"]
[Date "2015.04.05"]
[Round "1"]
[White "Julianlore"]
[Black "Ranjachess"]
[WhiteElo "1599"]
[BlackElo "1629"]
[Result "1-0"]
[Round "1"]
1.e4 d6
2.d4 d5
3.exd5 Qd8xd5
4.Nb1c3 Qd5f5
5.Ng1f3 e5
6.Nf3xe5 Nb8c6
7.Bf1d3 Qf5e6
8.O-O Nc6xe5
9.Rf1e1 f6
10.dxe5 fxe5
11.Bc1f4 Bf8d6
12.Bf4xe5 Bd6xe5
13.Qd1h5 Qe6f7
14.Qh5xe5 Ng8e7
15.Bd3c4 Qf7f6
16.Qe5xc7 Rh8f8
17.Nc3e4 Qf6c6
18.Ne4d6 Qc6xd6
19.Qc7xd6 Rf8f7
20.Bc4xf7 Kxf7
21.Re1xe7 Kf8
22.Qd6d8 
1-0

[Event "Tourn. n8012"]
[Site "www.chess-mail.com"]
[Date "2015.04.06"]
[Round "1"]
[White "Falcoale"]
[Black "Osopanda"]
[WhiteElo "1880"]
[BlackElo "2090"]
[Result "1-0"]
[Round "1"]
1.e4 c5
2.Ng1f3 d6
3.Bf1c4 e6
4.Nb1c3 Nb8c6
5.Nc3e2 Ng8f6
6.d3 Bf8e7
7.a3 O-O
8.Ne2g3 h5
9.Ng3e2 Nc6d4
10.Nf3xd4 cxd4
11.Ne2xd4 a6
12.O-O b5
13.Bc4a2 Bc8d7
14.f4 Ra8c8
15.e5 dxe5
16.fxe5 Nf6d5
17.Qd1xh5 g6
18.Qh5f3 Be7c5
19.c3 Bd7c6
20.Kh1 Bc6b7
21.Bc1h6 Rc8c7
22.Bh6xf8 Qd8xf8
23.Ba2xd5 Bb7xd5
24.Qf3g3 Qf8g7
25.Ra1e1 Bc5xd4
26.cxd4 Rc7c2
27.Rf1f2 Rc2xf2
28.Qg3xf2 Kf8
29.Qf2f6 Qg7xf6
30.exf6 Ke8
31.Kg1 Kd7
32.g4 Kd6
33.h4 Bd5f3
34.g5 Kd5
35.Kf2 Bf3g4
36.Ke3 Bg4f5
37.Re1h1 Bf5g4
38.Rh1c1 Kd6
39.Rc1c8 e5
40.Rc8a8 exd4
41.Kxd4 a5
42.Ra8xa5 Bg4d7
43.Ra5a7 Bd7e6
44.Kc3 Ke5
45.Ra7b7 { resign }
1-0

[Event "Tourn. n8084"]
[Site "www.chess-mail.com"]
[Date "2015.04.06"]
[Round "1"]
[White "Louis"]
[Black "Generalfree"]
[WhiteElo "1800"]
[BlackElo "1790"]
[Result "1/2-1/2"]
[Round "1"]
1.Ng1f3 Ng8f6
2.b3 d6
3.Bc1b2 e5
4.e3 a6
5.d4 Bc8e6
6.Bf1e2 Bf8e7
7.dxe5 dxe5
8.Qd1xd8 Be7xd8
9.O-O Nb8c6
10.Nf3xe5 Nc6xe5
11.Bb2xe5 O-O
12.Nb1d2 c6
13.Nd2f3 Rf8e8
14.Rf1d1 h6
15.Nf3d4 g6
16.Be5xf6 Bd8xf6
17.Ra1b1 h5
18.Be2f3 Bf6xd4
19.exd4 Be6f5
20.Rb1c1 Re8e7
21.Kf1 Ra8e8
22.c3 h4
23.h3 Bf5e4
24.Bf3xe4 Re7xe4
25.Rd1e1 Re4xe1
26.Rc1xe1 Re8xe1
27.Kxe1 f5
28.f4 Kf7
29.Ke2 b5
30.Kf3 Ke6
31.g3 hxg3
32.Kxg3 a5
33.h4 Kf6
34.Kf3 Ke6
35.Ke3 Kd6
36.Kd3 Kd5
37.a3 Kd6
38.Ke3 Kd5
39.Kd3 { draw }
1/2-1/2

[Event "Tourn. n8127"]
[Site "www.chess-mail.com"]
[Date "2015.04.06"]
[Round "1"]
[White "Seger"]
[Black "Krasin"]
[WhiteElo "2680"]
[BlackElo "2330"]
[Result "1-0"]
[Round "1"]
1.d4 Ng8f6
2.c4 g6
3.Nb1c3 Bf8g7
4.e4 d6
5.Ng1f3 O-O
6.h3 Nb8a6
7.Bf1d3 e5
8.d5 Na6c5
9.Bd3c2 a5
10.O-O Nf6d7
11.Ra1b1 f5
12.exf5  { time }
1-0